01293naa a22003137a 4500001001000000003000900010005001700019007000300036008003400039040005400073041000900127072002000136090001800156100001800174100002200192111010200214245005300316260004200369500013600411650002700547650002800574650001000602650001600612773013300628909003600761942001400797999001900811952014900830BR6800165BR-BrBNA20240918173319.0ta230509b bl.||||| |||| 00| 0 por d aBR-BrBNAbporcBiblioteca Nacional de Agricultura a(Pt) aQ10b8100bG514 aQ10 BR68001651 aAntunes, S.A.1 aCastro, L.A.B. de1 a8. Reuniao Nacional de Tecnicos em Pesquisas sobre PescacRio de Janeiro, GB (Brazil)d7 Oct 19681 aConservacao do pescado com antibioticos [Brasil]3 aRio de Janeiro, GB (Brasil): c1968.  a8. Reuniao Nacional de Tecnicos em Pesquisas sobre Pesca. Documento final Rio de Janeiro, GB (Brasil): 1968. vp. (BR6800165-AM)Q10  aTecnologia de alimento aPreservacao de alimento aPeixe aAntibiotico0 t8. Reuniao Nacional de Tecnicos em Pesquisas sobre Pesca. Documento finalwQ10 BR6800165gRio de Janeiro, GB (Brasil), 1968. vp. a202404bLuciac55dLucia Elande cAM2AGRIS c303926d303926 002AGRIS40708Acervo Gerala41918b41918cAgrobasel0o8000 BR6800157r2024-05-20t01yAM10d2024-04-11ePortaria Interministerial nÂș 164/94